| 000 | 00780na a2200265 4500 | ||
|---|---|---|---|
| 001 | 22740 | ||
| 003 | MIRAKIL | ||
| 005 | 20181213154809.0 | ||
| 008 | 170224b tu 000 0 | ||
| 035 | _a18622 | ||
| 040 |
_aMilas _btur _cTR-AnCHP |
||
| 041 | _atur | ||
| 082 |
_aCHP 352.9561 _bT66d [t.y.] |
||
| 090 | _aCHP 352.9561 T66d [t.y.] | ||
| 100 | _aToprakoğlu, Celal | ||
| 245 |
_aDaha iyi kentler için fikirler _cCelal Toprakoğlu |
||
| 260 |
_a[Ankara] _b[CHP] _c[t.y.] |
||
| 300 |
_ayaklaşık 200 s. _c30 sm. |
||
| 610 |
_aCHP _xProgramlar _yYerel yönetim |
||
| 610 |
_aCHP _xKent politikası |
||
| 650 |
_aYerel yönetimler _xYönetim _zTürkiye |
||
| 650 |
_aKentleşme _zTürkiye |
||
| 650 |
_aYerel yönetim _xSosyal demokrasi _zTürkiye |
||
| 942 |
_2ddc _cBKS |
||
| 999 |
_c1012 _d1012 |
||